000 00937nam a22001817a 4500
999 _c59260
_d59260
003 Ge_BSU
005 20221226112931.0
008 221226s1979ge xxu||||| |||| 00| 0 geo d
041 _ageo
080 _a821.353.1(092აბუსერისძე) ს-56
100 _aსიხარულიძე, იური, ავტორი.
_916575
245 _aნათელი დაუღამებელი :
_b [ტბელ აბუსერისძის ცხოვრება და შემოქმედება] /
_cიური სიხარულიძე ; რედ. ა. ახვლედიანი.
264 _aბათუმი :
_b საბჭ. აჭარა,
_c1979.
300 _a35 გვ. ;
_b18 სმ.
653 _aძველი ქართული ლიტერატურა.
700 _aახვლედიანი, ა
_eრედაქტორი
_91870
942 _2udc
_cBK